[Event "Hoogeveen op 22nd"]
[Site "Hoogeveen"]
[Date "2018.10.27"]
[Round "9"]
[White "Van der Hagen, Loek"]
[Black "Mijnheer, Peter"]
[Result "0-1"]
[WhiteElo "1820"]
[BlackElo "2092"]
[PlyCount "124"]
[EventDate "2018.10.20"]
[EventType "swiss"]
[EventRounds "9"]
[EventCountry "NED"]
[SourceTitle "CBM 187 Extra"]
[Source "ChessBase"]
[SourceDate "2018.11.04"]
[SourceVersion "1"]
[SourceVersionDate "2018.11.04"]
[SourceQuality "1"]

1. e4 e5 2. Nf3 Nc6 3. Bb5 a6 4. Ba4 Nf6 5. 0-0 Be7 6. Re1 b5 7. Bb3 d6 8. c3 0-0 9. h3 h6 10. d4 Re8 11. Nbd2 Bf8 12. Bc2 Bb7 13. d5 Ne7 14. b3 c6 15. c4 Nc8 16. Nf1 Nb6 17. Ne3 Qc7 18. Bd2 Nbd7 19. Bb1 Rec8 20. Qc2 bxc4 21. bxc4 a5 22. a4 g6 23. Ra3 Bg7 24. Nh2 Qd8 25. Qd1 h5 26. Nhf1 cxd5 27. exd5 Ba6 28. Rc3 Nc5 29. Ng3 h4 30. Ngf1 Nfe4 31. Ra3 Nxd2 32. Nxd2 Rab8 33. Qg4 Rb4 34. Nf3 Rcb8 35. Bc2 e4 36. Ng5 Bxc4 37. Qxh4 Bd3 38. Bxd3 exd3 39. Ng4 d2 40. Rd1 Rb1 41. Ra1 Rxa1 42. Rxa1 Qe7 43. Rf1 Qe2 44. Nf6+ Kf8 45. Ngh7+ Ke7 46. Ng8+ Kd7 47. Ngf6+ Kc7 48. Qd4 Rh8 49. Qg4 Qxg4 50. hxg4 Rb8 51. Rd1 Rb2 52. Ne8+ Kb6 53. Nxd6 Rc2 54. Kf1 Nxa4 55. Ne4 Nc3 56. Nxc3 Bxc3 57. Ng5 a4 58. Ne4 Bb4 59. Ke2 a3 60. Rb1 Rb2 61. Ra1 a2 62. d6 Rb1 0-1

[Event "Hoogeveen op 22nd"]
[Site "Hoogeveen"]
[Date "2018.10.22"]
[Round "3"]
[White "Mijnheer, Peter"]
[Black "De Vries, Emma"]
[Result "1-0"]
[WhiteElo "2092"]
[BlackElo "1905"]
[PlyCount "75"]
[EventDate "2018.10.20"]
[EventType "swiss"]
[EventRounds "9"]
[EventCountry "NED"]
[SourceTitle "CBM 187 Extra"]
[Source "ChessBase"]
[SourceDate "2018.11.04"]
[SourceVersion "1"]
[SourceVersionDate "2018.11.04"]
[SourceQuality "1"]

1. e4 e6 2. d4 d5 3. Nd2 Nf6 4. e5 Nfd7 5. c3 c5 6. Bd3 Nc6 7. Ne2 cxd4 8. cxd4 f6 9. exf6 Nxf6 10. 0-0 Bd6 11. Nf3 Qc7 12. Nc3 a6 13. Bg5 0-0 14. Bh4 g6 15. Bg3 Nh5 16. Bxd6 Qxd6 17. Re1 Ng7 18. a3 Bd7 19. b4 Nf5 20. Bxf5 Rxf5 21. Re3 b5 22. Qd3 Raf8 23. Rae1 Qf4 24. Ne2 Qh6 25. Ng3 Rf4 26. h3 Qg7 27. Ne2 R4f6 28. Rf1 a5 29. Ne5 axb4 30. Nxc6 Bxc6 31. axb4 Qe7 32. Qd2 Ra8 33. Nc1 Be8 34. Nd3 g5 35. Ne5 Bg6 36. Rg3 Ra4 37. Rc1 Rxb4 38. Nc6 1-0

[Event "Hoogeveen op 22nd"]
[Site "Hoogeveen"]
[Date "2018.10.21"]
[Round "2"]
[White "Murray, David"]
[Black "Mijnheer, Peter"]
[Result "1-0"]
[WhiteElo "2222"]
[BlackElo "2092"]
[PlyCount "89"]
[EventDate "2018.10.20"]
[EventType "swiss"]
[EventRounds "9"]
[EventCountry "NED"]
[SourceTitle "CBM 187 Extra"]
[Source "ChessBase"]
[SourceDate "2018.11.04"]
[SourceVersion "1"]
[SourceVersionDate "2018.11.04"]
[SourceQuality "1"]

1. e4 e5 2. Nf3 Nc6 3. Bb5 a6 4. Ba4 Nf6 5. 0-0 Be7 6. Re1 b5 7. Bb3 d6 8. c3 0-0 9. h3 Na5 10. Bc2 c5 11. d4 Nd7 12. a4 b4 13. Nbd2 Rb8 14. Bd3 bxc3 15. bxc3 cxd4 16. cxd4 exd4 17. Nxd4 Ne5 18. Bf1 Bf6 19. Ba3 Nd3 20. Bxd3 Bxd4 21. Rb1 Rxb1 22. Bxb1 Qb6 23. Qe2 Be6 24. Bd3 Rd8 25. Rb1 Qa7 26. Nf3 Nc6 27. Kf1 a5 28. Bb5 Ne5 29. Nxd4 Qxd4 30. Rd1 Qc3 31. Rxd6 Rxd6 32. Bxd6 Bc4 33. Bxc4 Qc1+ 34. Qe1 Qxc4+ 35. Kg1 Nd3 36. Qxa5 h6 37. Qa8+ Kh7 38. Qd5 Qc2 39. Qxf7 Qd1+ 40. Kh2 Nxf2 41. Qf5+ Kh8 42. e5 Qd4 43. Qf8+ Kh7 44. e6 Ne4 45. Qf5+ 1-0

[Event "Hoogeveen Unive op 20th"]
[Site "Hoogeveen"]
[Date "2016.10.19"]
[Round "6"]
[White "Mijnheer, Peter"]
[Black "Nitin, Senthilvel"]
[Result "0-1"]
[WhiteElo "2137"]
[BlackElo "2410"]
[PlyCount "76"]
[EventDate "2016.10.15"]
[EventType "swiss"]
[EventRounds "9"]
[EventCountry "NED"]
[SourceTitle "EXT 2017"]
[Source "ChessBase"]
[SourceDate "2016.10.25"]
[SourceVersion "1"]
[SourceVersionDate "2016.10.25"]
[SourceQuality "1"]

1. e4 c5 2. Nf3 d6 3. d4 cxd4 4. Nxd4 Nf6 5. Nc3 a6 6. Be2 e5 7. Nb3 Be7 8. Be3 Be6 9. 0-0 0-0 10. Qd3 Nbd7 11. Nd5 Bxd5 12. exd5 Ne8 13. Bg4 Nef6 14. Be2 Rc8 15. c4 Ne8 16. Qd2 b6 17. c5 dxc5 18. Bxa6 Ra8 19. Bb5 Nd6 20. Qe2 Nf5 21. Nd2 Nf6 22. Bc6 Ra7 23. Nc4 Nxd5 24. Bxd5 Qxd5 25. Nxb6 Qe6 26. Nc4 e4 27. Rfd1 Nh4 28. Bf4 f5 29. Bd6 f4 30. Qh5 Nf5 31. Bxe7 Rxe7 32. b3 e3 33. Re1 Qe4 34. Rad1 g6 35. Qg4 exf2+ 36. Kxf2 Ne3 37. Qf3 Nxd1+ 38. Qxd1 Qxe1+ 0-1

[Event "Hoogeveen Unive op 19th"]
[Site "Hoogeveen"]
[Date "2015.10.19"]
[Round "4"]
[White "De Jong, Migchiel"]
[Black "Mijnheer, Peter"]
[Result "1-0"]
[WhiteElo "2328"]
[BlackElo "2154"]
[PlyCount "63"]
[EventDate "2015.10.17"]
[EventType "swiss"]
[EventRounds "9"]
[EventCountry "NED"]
[SourceTitle "EXT 2017"]
[Source "ChessBase"]
[SourceDate "2016.10.25"]
[SourceVersion "1"]
[SourceVersionDate "2016.10.25"]
[SourceQuality "1"]

1. Nf3 Nf6 2. c4 c5 3. d4 cxd4 4. Nxd4 g6 5. Nc3 Nc6 6. e4 d6 7. Nc2 Bg7 8. Be2 0-0 9. 0-0 Nd7 10. Bd2 Nc5 11. b4 Ne6 12. Rc1 a5 13. b5 Ncd4 14. Nxd4 Nxd4 15. Be3 Nxe2+ 16. Qxe2 Be6 17. Na4 f5 18. exf5 Rxf5 19. Nb6 Rb8 20. Rfd1 Qf8 21. Qd2 Qf7 22. Qxa5 d5 23. cxd5 Bxd5 24. Nxd5 Rxd5 25. g3 Rxd1+ 26. Rxd1 Qf3 27. Rd8+ Rxd8 28. Qxd8+ Kf7 29. Qd3 Ke6 30. a4 Bf6 31. a5 h5 32. h4 1-0

[Event "Hoogeveen Unive op 18th"]
[Site "Hoogeveen"]
[Date "2014.10.17"]
[Round "8"]
[White "Smeets, Pierre"]
[Black "Mijnheer, Peter"]
[Result "0-1"]
[WhiteElo "2044"]
[BlackElo "2169"]
[PlyCount "56"]
[EventDate "2014.10.11"]
[EventType "swiss"]
[EventRounds "9"]
[EventCountry "NED"]
[SourceTitle "EXT 2015"]
[Source "ChessBase"]
[SourceDate "2014.11.20"]
[SourceVersion "1"]
[SourceVersionDate "2014.11.20"]
[SourceQuality "1"]

1. d4 Nf6 2. Nf3 c5 3. d5 e6 4. Nc3 exd5 5. Nxd5 Nxd5 6. Qxd5 Nc6 7. e4 Be7 8. Bc4 0-0 9. c3 d6 10. Bf4 Be6 11. Qd3 Qb6 12. 0-0-0 Rad8 13. h3 Qa5 14. Kb1 b5 15. Bd5 Qb6 16. g4 a5 17. g5 c4 18. Qe3 Qa6 19. Bxc6 Qxc6 20. Nd4 Qb7 21. Bg3 b4 22. Ka1 Rfe8 23. f4 Bf8 24. f5 Bd5 25. Qf2 Bxe4 26. Rhe1 Bd3 27. g6 bxc3 28. bxc3 Rxe1 0-1

[Event "Hoogeveen Unive op 18th"]
[Site "Hoogeveen"]
[Date "2014.10.15"]
[Round "5"]
[White "Vedder, Richard"]
[Black "Mijnheer, Peter"]
[Result "1-0"]
[WhiteElo "2277"]
[BlackElo "2169"]
[PlyCount "69"]
[EventDate "2014.10.11"]
[EventType "swiss"]
[EventRounds "9"]
[EventCountry "NED"]
[SourceTitle "EXT 2015"]
[Source "ChessBase"]
[SourceDate "2014.11.20"]
[SourceVersion "1"]
[SourceVersionDate "2014.11.20"]
[SourceQuality "1"]

1. e4 c5 2. Nf3 Nc6 3. d4 cxd4 4. Nxd4 g6 5. Nc3 Bg7 6. Be3 Nf6 7. Bc4 0-0 8. Bb3 a5 9. 0-0 Ng4 10. Qxg4 Nxd4 11. Qd1 Nxb3 12. axb3 Ra6 13. Bd4 Rc6 14. Bxg7 Kxg7 15. Qd2 f6 16. Rfd1 d6 17. h3 Be6 18. Nb5 Rc5 19. Nd4 Bf7 20. Ra3 e5 21. Ne2 d5 22. c3 Qc7 23. Rda1 dxe4 24. Ng3 Rd8 25. Qe3 Rd3 26. Qxe4 Rd2 27. Qg4 Qd8 28. b4 Rc4 29. Qf3 axb4 30. Ra8 Qd5 31. Qe3 Rd1+ 32. Rxd1 Qxd1+ 33. Kh2 bxc3 34. bxc3 Qd5 35. Qa7 1-0

[Event "Hoogeveen Essent op"]
[Site "Hoogeveen"]
[Date "2006.10.25"]
[Round "6"]
[White "Mijnheer, Peter"]
[Black "Hendriks, Richard V"]
[Result "1-0"]
[WhiteElo "2232"]
[BlackElo "2106"]
[PlyCount "83"]
[EventDate "2006.10.21"]
[EventType "swiss"]
[EventRounds "9"]
[EventCountry "NED"]
[SourceTitle "EXT 2007"]
[Source "ChessBase"]
[SourceDate "2006.11.23"]
[SourceVersion "1"]
[SourceVersionDate "2006.11.23"]
[SourceQuality "1"]

1. e4 e5 2. Nf3 Nc6 3. Bb5 f5 4. Nc3 fxe4 5. Nxe4 d5 6. Ng3 Bd6 7. Nxe5 Bxe5 8. Bxc6+ bxc6 9. Qh5+ Kf8 10. Qxe5 Nf6 11. 0-0 Kf7 12. d3 Re8 13. Qc3 Qd6 14. Bg5 Ng4 15. Rae1 Bd7 16. f3 Nf6 17. Bxf6 Qxf6 18. Qxf6+ Kxf6 19. Rxe8 Rxe8 20. Kf2 g6 21. Re1 Rb8 22. b3 c5 23. Nf1 c6 24. Ne3 a5 25. Rd1 a4 26. f4 h5 27. h3 Rb4 28. Kf3 h4 29. Re1 g5 30. fxg5+ Kxg5 31. Kf2 Rb8 32. Nf1 axb3 33. axb3 Rf8+ 34. Kg1 Rf4 35. Re7 Bf5 36. Nd2 Bg6 37. Re6 Rf6 38. Nf3+ Kf5 39. Rxf6+ Kxf6 40. Nxh4 Bh5 41. Nf3 Bg6 42. Kf2 1-0

[Event "Hoogeveen Essent op"]
[Site "Hoogeveen"]
[Date "2006.10.23"]
[Round "4"]
[White "Mijnheer, Peter"]
[Black "Schenkeveld, Daniel"]
[Result "0-1"]
[WhiteElo "2232"]
[BlackElo "2036"]
[PlyCount "68"]
[EventDate "2006.10.21"]
[EventType "swiss"]
[EventRounds "9"]
[EventCountry "NED"]
[SourceTitle "EXT 2007"]
[Source "ChessBase"]
[SourceDate "2006.11.23"]
[SourceVersion "1"]
[SourceVersionDate "2006.11.23"]
[SourceQuality "1"]

1. e4 c5 2. Nf3 Nc6 3. d4 cxd4 4. Nxd4 Nf6 5. Nc3 e5 6. Ndb5 d6 7. Bg5 a6 8. Na3 b5 9. Nd5 Be7 10. Bxf6 Bxf6 11. c3 0-0 12. Nc2 Rb8 13. h4 Be7 14. Nce3 b4 15. Bc4 bxc3 16. bxc3 Qa5 17. Qd3 Rd8 18. Nf5 Bxf5 19. exf5 Rb2 20. 0-0 Bxh4 21. Qh3 Bg5 22. Qh5 h6 23. Rad1 Rf8 24. f6 Qc5 25. Bb3 gxf6 26. Rd3 Kg7 27. Ne3 Ne7 28. Ng4 Ng6 29. Rf3 e4 30. Rxf6 e3 31. Bxf7 Nh8 32. Rg6+ Kxf7 33. Rxg5+ Ke7 34. Rxc5 exf2+ 0-1

[Event "Hoogeveen Essent op"]
[Site "Hoogeveen"]
[Date "2006.10.22"]
[Round "3"]
[White "Willemze, Thomas"]
[Black "Mijnheer, Peter"]
[Result "1-0"]
[WhiteElo "2384"]
[BlackElo "2232"]
[PlyCount "70"]
[EventDate "2006.10.21"]
[EventType "swiss"]
[EventRounds "9"]
[EventCountry "NED"]
[SourceTitle "EXT 2007"]
[Source "ChessBase"]
[SourceDate "2006.11.23"]
[SourceVersion "1"]
[SourceVersionDate "2006.11.23"]
[SourceQuality "1"]

1. e4 e6 2. d4 d5 3. Nc3 Bb4 4. Bd3 c5 5. exd5 Qxd5 6. a3 Bxc3+ 7. bxc3 Nf6 8. Nf3 h6 9. 0-0 Nc6 10. Re1 0-0 11. Ne5 cxd4 12. Nxc6 bxc6 13. cxd4 c5 14. dxc5 Bb7 15. Bf1 Qxc5 16. Be3 Qc6 17. c4 e5 18. h3 Ne4 19. Qb3 f5 20. f3 Ng3 21. c5+ Kh8 22. Bb5 Qg6 23. Bc1 Rab8 24. Rxe5 Bxf3 25. Qxf3 Rxb5 26. Kh2 Nh5 27. Ra2 Rb1 28. Rc2 f4 29. Rc4 Qg3+ 30. Kg1 Qxf3 31. gxf3 Ng3 32. c6 Rd8 33. c7 Rd1+ 34. Kf2 Rf1+ 35. Kg2 Rfxc1 1-0

[Event "Zwolle KPMG op"]
[Site "Zwolle"]
[Date "2000.03.11"]
[Round "2"]
[White "Van Blitterswijk, Stefan"]
[Black "Mijnheer, Peter"]
[Result "1-0"]
[WhiteElo "2321"]
[BlackElo "2090"]
[PlyCount "55"]
[EventDate "2000.03.11"]
[EventType "swiss"]
[EventRounds "6"]
[EventCountry "NED"]
[SourceTitle "EXT 2001"]
[Source "ChessBase"]
[SourceDate "2000.11.22"]
[SourceVersion "1"]
[SourceVersionDate "2000.11.22"]
[SourceQuality "1"]

1. e4 e5 2. Nf3 Nf6 3. Nxe5 d6 4. Nf3 Nxe4 5. d4 d5 6. Bd3 Bd6 7. 0-0 0-0 8. c4 c6 9. Nc3 Nxc3 10. bxc3 dxc4 11. Bxc4 Bg4 12. Qd3 Nd7 13. Ng5 Nf6 14. h3 Bh5 15. f4 b5 16. Bb3 h6 17. Ne4 Nxe4 18. Qxe4 Re8 19. Qf5 Qh4 20. Bd2 Be2 21. Bxf7+ Kh8 22. Bxe8 Bxf1 23. Bxc6 Rf8 24. Qd5 Bxf4 25. Rxf1 Bh2+ 26. Kxh2 Rxf1 27. Bxb5 Rf8 28. Bd3 1-0